| 000 | 00421nam a22001697a 4500 | ||
|---|---|---|---|
| 003 | NUST | ||
| 020 | _a8130909979 | ||
| 038 | _akhadija | ||
| 082 |
_a510 _bMCQ |
||
| 100 |
_aMcQuarrie, Donald A. _961641 |
||
| 245 | _aMATHEMATICAL METHODS for Scientists & Engineers / | ||
| 260 |
_aNew Delhi: _bVinod Vasishtha; _c2009. |
||
| 300 |
_a1161p. ; _b24 cm. |
||
| 500 | _aPaperback. | ||
| 563 | _apaperback | ||
| 942 |
_cBK _2ddc |
||
| 999 |
_c32506 _d32506 |
||